000 00416nam a2200157Ia 4500
008 230524s9999 xx 000 0 und d
082 _a621.3892
_bSIN
100 _aUmesh Sinha
245 0 _a"Electrical, Electronics Measurements & Instrumentations"
250 _a6TH
260 _aNEW DELHI
_bSatya Prakashan
_c1999
300 _aVIII;895
500 _aQuantity Number: 2
650 _aElectrical
942 _cBK
999 _c36090
_d36090